Historia de la física /

Junto al estudio del desarrollo de la física, nos informa del de otras ciencias que siempre estuvieron vinculadas -matemáticas, astronomía, química- al mismo tiempo que cuenta el hallazgo de principios fundamentales, describe las invenciones descubrimientos que representan los hechos del progreso ci...

Deskribapen osoa

Gorde:
Xehetasun bibliografikoak
Egile nagusia: Jeans, James (autor)
Formatua: Liburua
Hizkuntza:gaztelania
Argitaratua: México : Fondo de Cultura Económica, 1968
Edizioa:3a edición
Saila:(Breviarios ; 84)
Gaiak:
Etiketak: Etiketa erantsi
Etiketarik gabe, Izan zaitez lehena erregistro honi etiketa jartzen!

MARC

LEADER 00000nam^a2200000^a^4500
001 000000592
005 20250521000000.0
009 20260310083032.443
037 |a Acervo ITESO - Biblioteca 
041 |a ESP 
082 |a 082.  |b BRE V. 84 
100 |a Jeans, James  |e (autor) 
245 1 0 |a Historia de la física /  |c J. Jeans ; tr. por M. Hernández Barroso. 
250 |a 3a edición 
264 1 |a México :  |b Fondo de Cultura Económica,  |c 1968 
300 |a 416 p. 
336 |a texto  |b txt  |2 rdacontenido 
337 |a sin mediación  |b n  |2 rdamedio 
338 |a volumen  |b nc  |2 rdasoporte 
440 1 |a (Breviarios ;  |v 84) 
500 |a Traducción de: The Growth of Physical Science 
520 |a Junto al estudio del desarrollo de la física, nos informa del de otras ciencias que siempre estuvieron vinculadas -matemáticas, astronomía, química- al mismo tiempo que cuenta el hallazgo de principios fundamentales, describe las invenciones descubrimientos que representan los hechos del progreso científico (las propiedades de la circunferencia, el teorema de Pitágoras, secciones cónicas, numeración arábiga, descubrimiento de logaritmos, invención del péndulo, etc.). 
649 |a XX 
650 |a Física 
910 |a Fondo General 
920 |a Impresos - Libros 
930 |a Colección General 
905 |a 101 
901 |a 0005920100  |b IT1  |c ACC  |i 000592  |u 20250521 
902 |a https://opac.biblio.iteso.mx/vufind/Record/000000592